Регионална библиотека "Любен Каравелов" - Русе

Ария на Рудолф (Запис номер 349470)

MARC детайли
000 -Лидер
Контролно поле с фиксирана дължина 00992ncm a2200265 a 4500
003 - Код на организацията, давaща контролен номер
Контролно поле BLK
005 - Дата и час на последна редакция
Контролно поле 20250311142033.0
008 - Елементи от данни с фиксирана дължина
fixed length control field 200325b bu ||||| |||| 00| 0 bu d
040 ## - Източник на каталожния запис
Идентификатор на билиотеката - собственик на записа BLK
041 ## - Код за език
Код за езика на текст/звукозапис или на отделно заглавие Български
Код за езика КДБФ Български
080 ## - УДК
Текстов определител УДК Вокална музика
УДК код - определител по УДК 784
УДК определител 784
100 ## - Редна дума - Автор
Автор Пучини, Джакомо
Дати, свързани с автора 1858 - 1924
Автор - информация (биография) Оперен композитор
Пълна форма на името Пучини, Джакомо Антонио Доменико Микеле Секондо Мария
R(LIN) 387431
139 ## - Редно поле
Редна дума Пучини, Джакомо
245 ## - Сведения за заглавието
Заглавие Ария на Рудолф
Подзаглавни данни Из оп. "Бохеми"
Редно поле (дума) Джакомо Пучини
257 ## - Страна на издаване
Страна на създаване/издаване България
260 ## - Област на издателските данни
9 (RLIN) 209548
Място на издаване, разпространение и проч. София
Име на издателя, разпространителя и проч. Наука и изкуство
Година на издаване 1955
Издателство - префикс ISBN 978-954-02-
300 ## - Физическа характеристика
Страници 7 с.
Размери/Мащаб 31 см
380 ## - Жанр
Жанр Изкуство
650 #0 - Допълнително описание по предмет – тема
9 (RLIN) 353190
Основно описание – тема или топоним Опери, откъси
653 #7 - Ключова дума – ненормативна
9 (RLIN) 192847
Ключова дума опери
852 ## - Местоположение
Форматна сигнатура Цб М II 81
Фондова буква Отдел Изкуство - подръчен фонд
999 ## - СИСТЕМНИ КОНТРОЛНИ НОМЕРА
Koha biblionumber 349470
Koha biblioitemnumber 349470
942 ## - АРТИКУЛИ
Вид на библиотечния материал Нотни издания
Скрит в OPAC Не
Периодичен библиозапис Да
944 ## - СЪЗДАВАНЕ И РЕДАКЦИЯ на ЗАПИСА
Дата на регистрацията/редакция 2020-03-25
Служител, извършил регистрацията/редакцията 30560
Статус, дата на статуса Геновева Генчева
999 ## - СИСТЕМНИ КОНТРОЛНИ НОМЕРА
Koha biblioitemnumber 349470
Наличности
Код за отписване Код за изгубен артикул Източник на класификационната схема Код за повреда Коз за рестрикции Код за отдаване Артикулен № Име на библиотеката - собственик Име на библиотеката, в която се намира в момента Статус (Текущо местоположение) Дата на вписване в системата Местоположение - отдел Цена в лева Инвентарен номер Систематично азбучна сигнатура Баркод Цена в евро Служебен тип на артикула
  Не е изгубен Universal Decimal Classification Не е повреден без рестрикции заемане за дома 764482 Регионална библиотека "Любен Каравелов" Русе Регионална библиотека "Любен Каравелов" Русе Отдел Изкуство - подръчен фонд 2020-04-24 Отдел Изкуство - подръчен фонд 0.28 6847/57 784/П 93 Д 900000001760 0.14 Нотни издания
  Не е изгубен Universal Decimal Classification Не е повреден само за читалня ползва се в читалня 766301 Регионална библиотека "Любен Каравелов" Русе Регионална библиотека "Любен Каравелов" Русе Хранилище 2020-05-01 Основен фонд - ползва се само за читалня 0.28 9280/56 Цб М ІІ 81 900000007094 0.14 Нотни издания
Vip Innovations Ltd, Rousse, Bulgaria 2025